| 000 | 01386nam a22003977a 4500 | ||
|---|---|---|---|
| 001 | 0006911 | ||
| 003 | KOHA_MİRAKIL | ||
| 005 | 20260207001538.0 | ||
| 007 | ta | ||
| 008 | 090807b tu |||gr||||#0|||0|fre | | ||
| 020 | _a9757616060 | ||
| 040 |
_aTR-BiSEU _btur _cTR-BiSEU _erda |
||
| 041 | 0 | _afre | |
| 044 | _ctu | ||
| 050 |
_aDR435.A7 _bS87 [t.y.] |
||
| 100 | 1 | _aSüslü, Azmi. | |
| 245 | 1 |
_aGenocides commis par les Armeniens a Van, Bitlis, Muş et Kars - interview des temoins vivants/ _cAzmi Süslü ; Azmi Süslü, Gülay Öğün, Mehmet Törehan Serdar. |
|
| 264 | 1 |
_aAnkara : _bAnkara Üniversitesi Dil Tarih Coğrafya Fakültesi _c[t.y.] |
|
| 300 | _a186 sayfa: resimli | ||
| 336 |
_ametin _btxt _2rdacontent |
||
| 337 |
_aaracısız _bn _2rdamedia |
||
| 338 |
_acilt _bnc _2rdacarrier |
||
| 490 | 1 |
_aRectorat de L' Universite Yüzüncü Yıl de Van publication ; _vno. |
|
| 490 | 1 | _a9. | |
| 500 | _aKaynakça var. | ||
| 650 | 0 |
_aArmenians--Turkey. _914208 |
|
| 650 | 0 |
_aTurkey--Ethnic relations--Armenians. _916749 |
|
| 650 | 0 |
_aArmenian questions. _95883 |
|
| 650 | 0 |
_aErmeniler--Türkiye. _915120 |
|
| 650 | 0 |
_aTürkiye--Etnik ilişkiler--Ermeniler. _916751 |
|
| 650 | 0 |
_aErmeni sorunu. _99825 |
|
| 830 | 1 |
_aRectorat de L' Universite Yüzüncü Yıl de Van publication ; _vno. _917074 |
|
| 830 | 1 |
_a9. _910391 |
|
| 907 | _aTarih | ||
| 942 |
_2lcc _cBK |
||
| 999 |
_c6892 _d6892 |
||